00714nam a2200181 a 4500003000200000005001700002008004100019050002600060100002400086245010600110260009000216300004000306504004100346650003900387650003500426650003200461650003900493020250307101801.0101013s19uu xx 00 eng d aPHS HC 441b.L46 2010 aLesaca, Ancheska S. aThe effects of the 1997 Asian financial crisis in the Philippines and Thailand /cAncheska S. Lesaca. aLas Piñas City, Philippines :bSouthville International School and Colleges,c2010. a26 pages :billustrations ;c30 cm. aIncludes bibliographical references. aFinancial criseszAsiay1997-1998. aFinancial criseszPhilippines. aFinancial crisesxThailand. aAsian financial crisis, 1997-1998.